| 000 | 00758nam a2200265Ia 4500 | ||
|---|---|---|---|
| 003 | OSt | ||
| 005 | 20220918171222.0 | ||
| 006 | a|||||r|||| 00| 0 | ||
| 007 | ta | ||
| 008 | 220917b |||||||| |||| 00| 0 eng d | ||
| 020 |
_a9781412974752 (pbk) _c2487.03 |
||
| 024 | _a244,739 | ||
| 037 |
_b103, 04/01/2011, Sunrise Books _cTextual |
||
| 040 |
_aARTS _cARTS _beng |
||
| 041 |
_2eng _aeng |
||
| 082 | _aY48:7:7, Q1 | ||
| 100 |
_aAvolio Bruce J. _920729 |
||
| 245 | 0 | _aFull range leadership development | |
| 250 | _a2nd | ||
| 260 |
_aLos Angeles _b Sage USA _c2011 |
||
| 300 |
_axiv,264p. _ccm. |
||
| 650 | _aSOCIOLOGY | ||
| 942 |
_hY48:7:7, Q1 _cTEXL _2CC |
||
| 999 |
_c138389 _d138389 |
||